000 00509cam a2200193ua 4500
001 1067
008 110427n ii |||gr||||Z||||||eng
020 _a978-81-272-4000-4
040 _cMAIN
082 _a343.0745
245 1 _aTextbook of rural developement.
_cBy Sagar Mondal.
250 _a1st.
260 _aNew Delhi.:
_bKa;yani publishers.,
_c2007.
300 _a300 p.:
_c25 cm.
653 _aPolitical science.
653 _aTextbook of rural developement.
700 _aMondal, Sagar.,
942 _cBK
999 _c983
_d983